000 00411nam a2200181Ia 4500
001 4503
005 20260306145801.0
008 260306t1980||||xx |||||||||||||| ||spa||
041 _aESP
082 _a323.44
_bF85A
100 _aFromm, Erich
_eAUT
245 0 _aEl miedo a la libertad
260 _c1980
300 _a325 páginas :
_c19 cm.
650 _aGEN
654 _aCHU
942 _cLIB
_dJUS
_fJUS
_2ddc
_n
999 _c4503
_d4503